000 00894nam a2200241 i 4500
001 bg
245 0 0 _aChromatografia i techniki pokrewne w chemii środowiska /
_cpod red. B[ogusława] Buszewskiego ; Uniwersytet Mikołaja Kopernika. Wydział Chemii. Zakład Chemii Środowiska.
260 _aToruń :
_bUMK,
_c1994.
300 _a255 s. :
_bfot., portr., rys., wykr. ;
_c24 cm.
500 _aReferaty z Ogólnopolskiego Seminarium Chromatograficznego, Toruń 17. 10. 1994 r.
504 _aBibliogr. przy ref.
650 9 _aChromatografia
_xstosowanie
650 9 _aŚrodowisko człowieka
_xhigiena
_xbadanie
_xmetody
655 _aMateriały konferencyjne
700 1 _aBUSZEWSKI, Bogusław.
_eRed.
020 _a8323105693
040 _cBPK
041 0 _apol
080 _a543.5:504.05](061.3)
920 _a83-231-0569-3
942 _cKS
008 s pl f |000 0 pol
999 _c30751
_d30751
856 _uhttp://koha.tu.koszalin.pl/cgi-bin/koha/opac-detail.pl?biblionumber=30751
_yKatalog online BPK